| 000 | 00661nac a22002051u 4500 | ||
|---|---|---|---|
| 008 | 100906s2002 inui |r|||| 001 0 eng d | ||
| 010 | _a2001099342 | ||
| 020 | _a0672323869 | ||
| 020 | _a9780672323867 | ||
| 082 | 0 | 0 |
_a005.117 _bFOX _222 |
| 100 |
_aFox, Dan _918216 |
||
| 245 | 1 | 0 |
_aSams teach yourself ADO.NET in 21 days / _cDan Fox. |
| 260 |
_aIndianapolis, Ind. : _bSams Pub., _cc2002. |
||
| 300 |
_axi, 633 p. : _bill. ; _c23 cm. |
||
| 500 | _aIncludes index. | ||
| 650 | 0 |
_aDatabase design. _918217 |
|
| 650 | 0 |
_aObject-oriented programming (Computer science) _918218 |
|
| 650 | 0 |
_aMicrosoft .NET. _918219 |
|
| 942 |
_cBB _k005.117 FOX _2ddc |
||
| 999 |
_c716 _d716 |
||